000 00789nam a2200289Ia 4500
005 20260324114940.0
008 008 260324s9999 xx 000 0 eng d
020 _a9781003034049
037 _aEBOOK
040 _aCRL
040 _beng
040 _cCRL
041 _2eng
041 _aeng
084 _qCRL
100 _aN Jeyanthi; Kun Ma; Thinagaran Perumal; R. Thandeeswaran
_91152783
245 0 _aManaging Security Services in Heterogenous Networks
245 0 _bConfidentiality, Integrity, Availability, Authentication, and Access Control
260 _bTaylor and Francis
260 _c2020
365 _a
365 _b135
856 _uhttp://www.taylorfrancis.com/books/9781003034049
942 _cEBOOK
999 _c1743283
_d1743283